000
00310nam a2200121Ia 4500
008
190216s9999||||xx |||||||||||||| ||und||
100
_a
Streitwieser A Jr.
245
0
_a
Molecular Orbital Theory For Organic Chemists
260
_b
John Wiley & Sons
_c
1961
300
_a
489p
650
_a
Chemistry
942
_c
BK
999
_c
2361
_d
2361